| 000 | 00996cam a22002535a 4500 | ||
|---|---|---|---|
| 001 | L159373 | ||
| 008 | 161222s2016 xxk f 000 0 eng d | ||
| 020 | _a9781315549293 | ||
| 035 | _a(Sirsi) u159373 | ||
| 041 | 0 | _aeng | |
| 100 | 2 | _aSteinberg, Howard | |
| 245 | 0 | 0 |
_aUnderstanding and negotiating EPC contracts _bVolume 2 _h[electronic resource] |
| 250 | _a1st edition | ||
| 260 |
_aLondon _bRoutledge _c2016 |
||
| 520 | _aVolume 2 of a two part series contains sample forms of contracts which can be used for engineering, procurement and construction contracts for use in infrastructure projects. Volume 1 (L159372) provides guidance on engineering, procurement and construction contracts. | ||
| 590 | _aKA | ||
| 650 | 2 | 4 | _aEBOOK |
| 650 | 2 | 4 |
_aProcurement _96260 |
| 651 | 4 |
_aUnited Kingdom _y |
|
| 690 |
_aInfrastructure _96246 |
||
| 690 |
_aContracts _96232 |
||
| 856 | 4 | 0 |
_uhttps://www.vlebooks.com/ _zView on VLEbooks. Logins for members only from [email protected] |
| 942 | _n0 | ||
| 999 |
_c115844 _d115844 |
||